• 首页
  • 本馆介绍
  • 公告通知
  • 最新文献
  • 馆藏检索
  • 电子资源
  • 读者导购
  • 参考咨询
  • 我的图书馆
  • 登录
  • 详细信息显示
  • 放入我的书架
  • 预约/预借图书
  • 作者相关作品
  • 分类相关作品
  • 丛书相关作品
  • 出版社相关作品

书目信息

  • 表格格式
  • 工作单格式
  • 卡片格式
题名:
彩绘全注全译全解道德经
    
 
作者: 老子 著 ;任犀然 主编
分册:  
出版信息: 北京   北京联合出版公司  2014
页数: 10, 421页
开本: 25cm
丛书名:
单 册:
中图分类: B223.14
科图分类:
主题词: 道家
电子资源:
ISBN: 978-7-5502-3711-7
000 00954nam0 2200265 450
001 338174
005 20150601162041.59
010    @a978-7-5502-3711-7@b精装@dCNY75.00
100    @a20141217d2014 em y0chiy50 ea
101 0  @achi
102    @aCN@b110000
105    @aa z 000yy
106    @ar
200 1  @a彩绘全注全译全解道德经@Acai hui quan zhu quan yi quan jie dao de jing@f(春秋) 老子著@g任犀然主编
210    @a北京@c北京联合出版公司@d2014
215    @a10, 421页@d25cm
300    @a超值全彩珍藏版
330    @a本书除完整地收录了老子的《道德经》, 还对其进行了精心注释并翻译成白话, 以帮助人们更好地把握文章的深意。另一方面, 还引用大量历史、现实故事, 针对《道德经》中的每一个具体句子进行说明, 让读者切身体会道的伟大。
605    @a《道德经》@x译文
606 0  @a道家
690    @aB223.14@v5
701  0 @c(春秋)@a老子@Alao zi@4著
702  0 @a任犀然@Aren xi ran@4主编
801  0 @aCN@b卓展宏图@c20150525
905    @dB223.14@e475@f3
    
    彩绘全注全译全解道德经/(春秋) 老子著/任犀然主编.-北京:北京联合出版公司,2014
    10, 421页;25cm
    超值全彩珍藏版
    
    ISBN 978-7-5502-3711-7(精装):CNY75.00
    本书除完整地收录了老子的《道德经》, 还对其进行了精心注释并翻译成白话, 以帮助人们更好地把握文章的深意。另一方面, 还引用大量历史、现实故事, 针对《道德经》中的每一个具体句子进行说明, 让读者切身体会道的伟大。
●
相关链接 在E读中查询图书 在五车中查询图书 在当当中查询图书 在豆瓣中查询图书


正题名:彩绘全注全译全解道德经     索取号:B223.14/475         预约/预借

序号 登录号 条形码 馆藏地/架位号 状态 备注
1 857636   208576361   第一样本阅览室/ [索取号:B223.14/475] 在馆    
2 857637   208576370   第一借阅区/ [索取号:B223.14/475] 已借出,限还日期为2026.08.18
借出人:吴天孜  
 
3 857638   208576389   第一借阅区/ [索取号:B223.14/475] 在馆    
唐山师范学院图书馆 欢迎您!
大连网信软件有限公司© 版权所有